Statistics for Name all Countries that Start with N

Click here to take the quiz!

General Stats

  • This quiz has been taken 390 times
  • The average score is 5 of 8

Answer Stats

Answer% Correct
Niger
79%
Nigeria
78%
Namibia
62%
Norway
61%
Nicaragua
57%
Nauru
49%
Nepal
49%
North Korea
43%

Score Distribution

Percentile by Number Answered

Percent of People with Each Score

Your Score History

You have not taken this quiz